000
nam a22 7a 4500
999
_c
234939
_d
234939
003
Nust
005
20170403142224.0
008
170403b xxu||||| |||| 00| 0 eng d
040
_c
dlc
082
_a
620.136 ACI
245
_a
ACI Manual of Concrete Practice 2010 Part 4 ACI 349-06 to ACI 360R-06
942
_2
ddc
_c
BK